Statistics for Famous Mothers Quiz

Click here to take the quiz!

General Stats

  • This quiz has been taken 40,170 times
    (22,176 since last reset)
  • The average score is 15 of 24

Answer Stats

Child Mom % Correct
Chelsea Clinton{Hillary} Clinton
91%
JesusMary
91%
Prince WilliamPrincess Diana
90%
Brooklyn Beckham{Victoria} Beckham
87%
Melissa Rivers{Joan} Rivers
80%
Blue Ivy CarterBeyoncé Knowles
78%
Kelly Osbourne{Sharon} Osbourne
78%
North WestKim Kardashian
76%
Sean LennonYoko Ono
71%
John F. Kennedy Jr.{Jacqueline} Kennedy
65%
Suri CruiseKatie Holmes
62%
Chaz BonoCher
60%
Apple MartinGwyneth Paltrow
60%
Kate HudsonGoldie Hawn
59%
Rumer WillisDemi Moore
59%
George W. Bush{Barbara} Bush
58%
Lourdes LeonMadonna
54%
Lisa Marie Presley{Priscilla} Presley
52%
Stella McCartney{Linda} McCartney
50%
Liza MinnelliJudy Garland
50%
Queen Elizabeth IAnne Boleyn
33%
Ashley Judd{Naomi} Judd
29%
Tripp JohnstonBristol Palin
20%
ZeusRhea
11%

Score Distribution

Percentile by Number Answered

Percent of People with Each Score

Your Score History

You have not taken this quiz since the last reset